| 000 | 00370nam a22001697a 4500 | ||
|---|---|---|---|
| 005 | 20160530111808.0 | ||
| 008 | 160530b xxu||||| |||| 00| 0 eng d | ||
| 020 | _a0-07-049964-0 | ||
| 041 | _aeng | ||
| 082 | _b6020 | ||
| 100 |
_aNath Dhruv _91500 |
||
| 245 | _aThe Nuts & Bolts of CRM | ||
| 260 | _bTMH | ||
| 300 | _a204 | ||
| 650 |
_aManagement _9241 |
||
| 942 | _cBK | ||
| 999 |
_c2122 _d2121 |
||